[Event "SRB-chT Central"]
[Site "Kraljevo"]
[Date "2011.09.23"]
[Round "9.5"]
[White "Vratonjic, Slobodan"]
[Black "Bojkov, Dejan"]
[Result "0-1"]
[WhiteElo "2396"]
[BlackElo "2541"]
[Annotator "Bojkov,D"]
[PlyCount "94"]
[EventDate "2011.09.17"]
[EventType "team-tourn"]
[EventRounds "11"]
[EventCountry "SRB"]
[SourceTitle "CBM 144 Extra"]
[Source "ChessBase"]
[SourceDate "2011.10.28"]
[SourceVersion "1"]
[SourceVersionDate "2011.10.28"]
[SourceQuality "1"]
[WhiteTeam "Metalac"]
[BlackTeam "Jasenica"]
[WhiteTeamCountry "YUG"]
[BlackTeamCountry "YUG"]

1. e4 e5 2. Nf3 Nc6 3. Bc4 Nf6 4. d3 Bc5 $5 {It seems like that if you want to
play for a win in the Italian this bishop should be placed as actively as
possible right from the start!} 5. c3 a6 6. Bb3 Ba7 7. O-O $1 O-O $1 8. Re1 d6
9. h3 Ne7 {[%cal Ge7g6,Gf6h5,Gh5f4]} 10. Bg5 $6 {Somewhat too optimistic. The
natural reaction was:} (10. Nbd2 {[%cal Gd2f1,Gf1g3]}) 10... Ng6 11. Nh4 {
This move was accompanied with a draw offer. However, our team needed to win
on all the boards, and short draws were unacceptable.} Kh8 $1 ({Not:} 11...
Nxh4 12. Bxh4 {[%cal Ge1f1,Gg1h1,Gf2f4,Rd1f3,Rf3g3]}) 12. Nd2 {White cannot
make use of his active pieces:} (12. Qf3 h6 13. Bxf6 Qxf6 14. Qxf6 gxf6 15.
Nxg6+ (15. Nf5 Bxf5 16. exf5 Nh4 {[%csl Rf5][%cal Rh4f5]} 17. g4 $2 Nf3+ $19)
15... fxg6 {[%csl Ga7,Gc8]}) (12. Nf5 h6 13. Be3 Bxf5 14. exf5 Nh4 {[%csl Yf5]
[%cal Rh4f5]}) (12. d4 h6 13. Nxg6+ fxg6 14. dxe5 dxe5 (14... hxg5 $1 {is even
better:} 15. exf6 Qxf6 {[%csl Rf2]} 16. Kh1 g4 $1 {with a decisive attack.})
15. Be3 (15. Qxd8 Rxd8 16. Be3) 15... Qxd1 16. Bxd1 Bxe3 17. Rxe3 Rd8 18. Bb3
b5 $15 {[%csl Rc4][%cal Gc8b7]}) 12... h6 13. Nxg6+ ({Again, tactics fail for
White-} 13. Bxf7 $2 Rxf7 14. Nxg6+ Kh7 15. Bxf6 Qxf6 {[%csl Rg6]}) 13... fxg6
14. Be3 Nh5 {[%cal Gh5f4] Black is now at least equal. the half open f file,
and the beautiful f4 square for the knight are his main assets.} (14... Bxe3
15. fxe3 {[%csl Rf2,Rf4][%cal Re3f4,Rg1f2]}) 15. Bxa7 ({White would do better
to play in the centre with:} 15. d4 {Although he needs to be careful with his
aggressive intentions:} Nf4 16. Bxf4 (16. Nf3 g5 17. dxe5 $140 g4 $1) 16...
Rxf4 17. Nf3 Qf6 {[%csl Rf2,Rf3,Rh3][%cal Rc8h3,Rf4f3,Rf3f2]} 18. dxe5 $2 dxe5
19. Qd5 {[%csl Rg8][%cal Rd5g8]} Bxh3 20. Qxb7 Rf8 21. Qxa7 Rxf3 22. Re2 Bxg2
23. Kxg2 Qg5+ 24. Kf1 Rh3 {[%cal Rh3h1]}) 15... Rxa7 16. Re3 Nf4 17. Qf1 {
[%cal Yb3d1,Yd1g4] A solid defence.} (17. Nf3 g5 18. Nh2 Qf6 $15) 17... Qf6 18.
Bd1 {[%cal Gd1g4]} (18. Rd1 Ra8 19. Nf3 g5 {[%cal Rg5g4]}) 18... Ra8 19. Rg3 ({
It is too early for:} 19. Bg4 Bxg4 20. hxg4 {[%csl Yg4]} Qe6 $15) 19... Rf7 20.
Bg4 $6 (20. Bb3 $5 {would be a better version of the bishop trade.}) 20... Bxg4
21. Rxg4 Raf8 $17 {[%csl Rg4] There are some issues with the rook, as it might
get easily get excluded from the game.} 22. Rg3 g5 23. Nc4 Qe6 {[%csl Rf2]
[%cal Rf4h5,Rf7f2]} 24. Qd1 {The pressure against the white position grows.} (
24. Ne3 Nh5 25. Rg4 Rxf2 26. Qxf2 Rxf2 27. Kxf2 Nf4 $19 {[%csl Rd3][%cal Gf4d3]
}) (24. Re3 g4 $1) 24... g6 25. Re3 b5 $1 {Before sacrificing, I decided that
the knight would be best placed on d2!} (25... Nxg2 26. Kxg2 Rxf2+ 27. Kh1 (27.
Kg3 h5 {[%cal Rh5h4]}) 27... Qf6 28. Rg3 (28. Qg1 {is also possible and there
is no knight hanging on d2.})) 26. Nd2 (26. Na5 Nxg2 27. Kxg2 Rxf2+ 28. Kg1 Qf7
{[%cal Gf7f4,Rf4h2] will leave the knight too far away! While now, it is
hanging on d2.}) 26... Nxg2 $1 27. Kxg2 Rxf2+ 28. Kg1 {This makes things
easier for Black.} (28. Kg3 h5 {[%cal Rh5h4]} 29. Nf3 (29. Rf3 R8xf3+ 30. Nxf3
Rxb2 $19 {[%cal Re6f6,Rf6f4,Rh5h4]}) 29... Rxb2 {[%cal Rh5h4,Re6f6,Rf6f4]
would not help neither.}) ({However, after the best defence:} 28. Kh1 Qf6 {
[%cal Rf6f4,Rf4h2]} 29. Re2 (29. Rg3 Qf4 {[%csl Rd2,Rg3][%cal Rd2f1,Rf2f1]})
29... g4 {[%cal Rg4g3,Rg4h3]} 30. Rxf2 Qxf2 31. Qxg4 (31. Qf1 Kg7 32. Qxf2 Rxf2
33. Nf1 gxh3 $17 {[%csl Rb2][%cal Gg6g5,Gg5g4,Gh6h5]}) (31. hxg4 Qh4+ 32. Kg1
Qg3+ 33. Kh1 Rf2) 31... Qxd2 32. Qxg6 Qe3 $17 {Black still has to prove his win
}) 28... Qf6 29. Re2 (29. Nf1 g4 30. hxg4 Qh4 {[%cal Rf2f1,Gf8f4,Gf4g4]}) 29...
g4 $1 {It is over.} 30. Kh1 (30. Nf1 Qf3 31. Rxf2 Qxf2+ 32. Kh1 Rf3) (30. Rxf2
Qxf2+ 31. Kh1 g3) (30. hxg4 Qh4 31. Rxf2 Qxf2+ 32. Kh1 Qh4+ 33. Kg1 Rf4 34. Qe2
Rxg4+ 35. Kf1 Qh1+ 36. Kf2 Rg2+ (36... Qh2+)) 30... Qh4 31. Rxf2 Rxf2 32. Qxg4
Qxg4 33. hxg4 Rxd2 34. a4 Kg7 {[%cal Gg7f6,Gf6g5,Gg5h4,Gh4g3,Gh4h3]} 35. g5
hxg5 36. axb5 axb5 37. Ra7 Rxd3 38. Rxc7+ Kf6 39. Rb7 Rd1+ 40. Kg2 Rd2+ 41. Kf3
Rxb2 42. Rd7 (42. c4 Rb3+ 43. Kg4 bxc4 {and White cannot sacrifice his rook
for stalemate.}) 42... Ke6 43. Rg7 Rb3 44. Rxg6+ Kd7 45. Rxg5 Rxc3+ 46. Ke2 Kc6
47. Kd2 Rh3 0-1

[Event "World Cup"]
[Site "Skelleftea"]
[Date "1989.08.??"]
[Round "14"]
[White "Short, Nigel D"]
[Black "Karpov, Anatoly"]
[Result "1/2-1/2"]
[WhiteElo "2660"]
[BlackElo "2755"]
[Annotator "Bulletin"]
[PlyCount "26"]
[EventDate "1989.08.??"]
[EventType "tourn"]
[EventRounds "15"]
[EventCountry "SWE"]
[EventCategory "16"]
[SourceTitle "CBM 014"]
[Source "ChessBase"]
[SourceDate "1990.02.01"]
[SourceVersion "1"]
[SourceVersionDate "1990.02.01"]
[SourceQuality "1"]

1. e4 e5 2. Nf3 Nc6 3. Bc4 Bc5 4. c3 Nf6 5. d4 exd4 6. cxd4 Bb4+ 7. Bd2 Bxd2+
8. Nbxd2 d5 9. exd5 Nxd5 10. Qb3 Na5 (10... Nce7 11. O-O O-O 12. Rfe1 c6 13.
Ne4 $10) 11. Qa4+ Nc6 12. Qb3 (12. Ne5 O-O 13. Nxc6 Qe8+ $1 $17 {Miles}) 12...
Na5 13. Qa4+ Nc6 {vgl. Miles,A-Kortschnoj,V/South Africa/1979/} 1/2-1/2

[Event "ROM-GER Kings"]
[Site "Medias"]
[Date "2015.10.31"]
[Round "2.2"]
[White "Nevednichy, Vladislav"]
[Black "Wagner, Dennis"]
[Result "1/2-1/2"]
[WhiteElo "2557"]
[BlackElo "2575"]
[Annotator "Bulmaga,I"]
[PlyCount "80"]
[EventDate "2015.10.30"]
[EventType "schev"]
[EventRounds "5"]
[EventCountry "ROU"]
[SourceTitle "CBM 169"]
[Source "ChessBase"]
[SourceDate "2015.11.10"]
[SourceVersion "1"]
[SourceVersionDate "2015.11.10"]
[SourceQuality "1"]
[WhiteTeam "Romania"]
[BlackTeam "Germany"]
[WhiteTeamCountry "ROU"]
[BlackTeamCountry "GER"]
[TimeControl "40/5400+30:1800+30"]

1. e4 e5 2. Nf3 Nc6 3. Bc4 Bc5 4. c3 {Die Lieblingsvariaten des rumänischen
Großmeisters, in der er über viel Erfahrung verfügt.} Nf6 5. d3 a6 6. Bb3
Ba7 7. h3 d6 8. Nbd2 O-O 9. O-O h6 10. Re1 Be6 11. Bc2 Re8 12. Nf1 d5 13. exd5
Nxd5 {[#]} 14. Nxe5 $2 {Eine aggressive Fortsetzung - aber Schwarz ist noch
nicht entwickelt und könnte in Schwierigkeiten geraten.} Nxe5 15. Rxe5 Bxf2+
16. Kh1 Qf6 (16... Qh4 $5 17. Qf3 Bg4 18. Rxe8+ Rxe8 19. Qxg4 Qxg4 20. hxg4 Re1
21. g3 Be3 22. Bxe3 Rxa1 23. Kg2 Rxf1 24. Kxf1 Nxe3+ 25. Ke1 Nxc2+ $19) 17. d4
(17. Qe2 Bd7 18. d4 Rxe5 19. dxe5 Re8 $17) 17... c5 18. Qd3 g6 (18... cxd4 $2
19. Qh7+ Kf8 20. b3 $44) 19. Bxh6 cxd4 20. Qe4 (20. cxd4 $5 Nb4 21. Qd2 Bxd4
22. Rxe6 Rxe6 23. Bb3 Bxb2 24. Bg5 Rd8 25. Bxf6 Rxd2 26. Nxd2 Bxa1 27. Bxe6
Bxf6 28. Bb3 $44) 20... dxc3 21. Bg5 Qh8 $2 {[#]} (21... cxb2 22. Rb1 Qg7 23.
Rxb2 f5 $19) 22. Rd1 $1 Nf6 23. Qf3 $1 {Durch sein ungenaues Spiel hat Schwarz
hat dem Weißen Kompensation gegeben und nachdem GM Nevednichy zwei einzige
Züge gefunden hat, ist er wieder im Spiel. In Zeitnot ist der Ausgang völlig
offen.} Bh4 (23... Nh7 24. Bf4 $11) 24. Bxh4 Qxh4 25. bxc3 Rad8 {Schwarz steht
etwas besser, aber das reicht vielleicht nicht aus.} 26. Rxd8 Rxd8 27. Bb3 Bxb3
28. axb3 Nh5 29. Kh2 Kg7 30. Re4 Qf6 31. Qxf6+ Nxf6 32. Re7 Rd7 $6 (32... b5
33. c4 Rd3 34. cxb5 axb5 35. Re3 Rd1 $15) 33. Rxd7 Nxd7 34. Kg3 Kf6 35. Kf4 g5+
36. Ke3 Nc5 37. Nd2 Kf5 38. g3 Ne6 39. b4 Ke5 40. Kd3 f6 1/2-1/2

[Event "ESP-ch ko"]
[Site "Ayamonte"]
[Date "2007.11.14"]
[Round "3.4"]
[White "Khamrakulov, Ibragim S"]
[Black "Lopez Martinez, Josep Manuel"]
[Result "1-0"]
[WhiteElo "2604"]
[BlackElo "2563"]
[Annotator "CB"]
[PlyCount "199"]
[EventDate "2007.11.09"]
[EventType "k.o."]
[EventRounds "4"]
[EventCountry "ESP"]
[SourceTitle "EXT 2008"]
[Source "ChessBase"]
[SourceDate "2007.11.25"]
[SourceVersion "1"]
[SourceVersionDate "2007.11.25"]
[SourceQuality "1"]

1. e4 e5 2. Nf3 Nc6 3. Bc4 Bc5 4. c3 Nf6 5. d3 a6 6. Bb3 d6 7. h3 Ba7 8. Nbd2
O-O 9. Nf1 Be6 10. Ng3 h6 11. Be3 Bxe3 12. fxe3 d5 13. exd5 Nxd5 14. Qe2 Qd6
15. O-O f5 16. Nh4 {Diagrama #} f4 $2 (16... Nce7) 17. Ne4 $18 Qd8 18. Ng6 Rf6
(18... Rf7 19. Nc5) 19. Nxf6+ Qxf6 20. exf4 Qxg6 21. f5 Qg5 22. fxe6 Nf4 23.
Qg4 $6 (23. Rxf4 $1 Qxf4 24. e7+ Kh7 25. Rf1 Qh4 26. Rf8) 23... Qxg4 24. hxg4
Re8 25. d4 Na5 26. dxe5 Nxb3 27. axb3 Nxe6 28. Rad1 Re7 29. b4 Kh7 30. g3 Kg6
31. Kg2 Kg5 32. Kh3 Kg6 33. Rf5 Ng5+ 34. Kg2 h5 35. Rf4 hxg4 (35... Rxe5 36.
gxh5+ Kxh5 37. Rd2) 36. Rxg4 Rxe5 37. Rd2 a5 38. Rc4 axb4 39. Rxb4 b6 40. Rbd4
Ne6 41. Rd5 Re4 42. Kf3 Rc4 43. Re2 Kf6 44. Kg2 Rc6 45. Rd7 Kg6 46. Rf2 Nc5 47.
Re7 Ne6 48. Kh3 Ng5+ 49. Kg4 Ne6 50. b3 Ng5 51. c4 Ne6 52. Rf5 Rd6 53. Rd5 Rc6
54. Rdd7 Kf6 55. Rf7+ Kg6 56. Rf5 Kh6 57. Kh4 Kg6 (57... Nc5 58. Rh5+ Kg6 59.
Rg5+ Kh6 60. Rf7 (60. Rdxg7 Ne4 61. Rg4 Nf2) 60... Nxb3 61. Rgxg7 Rxc4+ 62. g4)
58. g4 Kh6 59. Re5 Kg6 60. b4 Kf6 61. Rf5+ Kg6 62. Re7 Rd6 63. Rd5 Rc6 64. b5
Kf6 65. Re8 Rc5 66. Kg3 Rxd5 67. cxd5 Nd4 68. Kf4 Nxb5 69. g5+ Kf7 70. Rc8 Ke7
71. Ke5 Kf7 72. Rd8 Ke7 73. Rh8 Nd6 74. g6 Nc4+ 75. Kf5 Nd6+ 76. Kg5 Ne4+ 77.
Kh5 (77. Kf4) 77... Nf6+ 78. Kg5 Ne4+ (78... Nxd5 79. Rg8) 79. Kf4 Nd6 80. Rh1
Kf6 81. Rc1 Ne8 82. Rc6+ Ke7 83. Ke5 Kd7 84. Rc1 Nd6 85. Rf1 Ke7 86. Rf4 b5 (
86... Kd7 87. Rf8 Ke7 88. Rg8 Ne8 89. Kd4 (89. Kf4 Kd7 90. Ke3 Ke7 91. Kd3 Kd7
92. Kc3 Ke7 93. Kb4 Kd7 94. Ka4 Ke7 95. Kb5 Kd7 96. Ka6 Ke7 97. Kb7 $18) 89...
Nd6 90. Rxg7+ Kf6 91. Rg8 Nf5+ 92. Ke4 Ne7 93. Re8 Nxg6 94. Re6+ Kf7 95. Rc6
Nf8 96. Rxc7+ Kf6 97. Kd4 $18) 87. Kd4 Kd7 88. Kc5 Nb7+ 89. Kxb5 Nd8 90. Kc5
Ke7 91. Kd4 c6 92. Kc5 cxd5 93. Kxd5 Kd7 94. Rb4 Ke7 95. Rb6 Kd7 96. Ra6 Ke7
97. Ke5 Kd7 98. Ra7+ Ke8 99. Rxg7 Nc6+ 100. Kf6 1-0

[Event "Bundesliga 1516"]
[Site "Germany"]
[Date "2015.09.19"]
[Round "1.7"]
[White "Paehtz, Elisabeth"]
[Black "Gustafsson, Jan"]
[Result "0-1"]
[WhiteElo "2452"]
[BlackElo "2634"]
[Annotator "CB"]
[PlyCount "230"]
[EventDate "2015.09.18"]
[EventType "team-tourn"]
[EventRounds "15"]
[EventCountry "GER"]
[SourceTitle "EXT 2016"]
[Source "ChessBase"]
[SourceDate "2015.10.08"]
[SourceVersion "1"]
[SourceVersionDate "2015.10.08"]
[SourceQuality "1"]
[WhiteTeam "Hockenheim"]
[BlackTeam "Baden-Baden"]
[WhiteTeamCountry "GER"]
[BlackTeamCountry "GER"]

1. e4 e5 2. Nf3 Nc6 3. Bc4 Bc5 4. d3 Nf6 5. O-O O-O 6. h3 d6 7. c3 Ne7 8. Re1
Ng6 9. Bb3 Qe7 10. Bc2 Bb6 11. Na3 Nh5 12. Nc4 Nhf4 13. Nxb6 axb6 14. d4 Qf6
15. Kh2 Nh4 16. Nxh4 Qxh4 17. Qf3 g5 18. Qg3 Qh6 19. Bd1 Kh8 20. Bg4 Qg6 21.
Bxc8 Rfxc8 22. Bxf4 gxf4 23. Qxg6 hxg6 24. dxe5 dxe5 25. a3 Rd8 26. Rad1 {[#]}
Kg7 {Schwarz hat hier vielleicht einen minimalen Vorteil.} 27. Kg1 Kf6 28. Kf1
Ke6 29. Rxd8 Rxd8 30. Ke2 f5 31. exf5+ gxf5 32. Rd1 (32. g3) 32... Rh8 33. Kf3
b5 34. Rd2 c6 35. Rd1 Ke7 36. Rd2 Rh4 37. Ke2 e4 38. Rd4 Ke6 39. Rd8 Rh7 40.
Rd4 Rh8 41. Rd1 Rg8 42. Kf1 c5 43. Rd2 Ra8 44. Ke2 b4 45. axb4 cxb4 46. cxb4
Ra4 47. Rd4 Ke5 48. Rc4 b6 49. h4 Ra1 50. Rc6 Rg1 51. Rxb6 Rxg2 52. Rb5+ Ke6
53. Rb6+ Ke5 54. Rb5+ Kd4 55. Rxf5 f3+ 56. Kf1 Rh2 57. Kg1 Rxh4 58. Rc5 (58. b5
e3 59. fxe3+ Kxe3 60. Rf8 $11) 58... Rh8 59. Rc3 Rb8 60. Rb3 Kc4 (60... Rg8+
61. Kf1 Rh8 62. Kg1 Kc4 63. Rc3+ Kxb4 $17) 61. Rc3+ Kxb4 62. Re3 Re8 63. Rc3 (
63. Kh2 Kc5 64. Kg3 Kd4 65. Ra3 Rg8+ $11) 63... Rh8 64. Re3 Rh4 65. Rc3 Kb5 66.
Rc8 Kb4 67. Rc3 Ka4 68. Ra3+ Kb5 69. Rc3 Kb4 70. Rc8 Kb3 71. Rc7 Kxb2 72. Rc8
Kb3 73. Rc7 Rg4+ 74. Kf1 Rg8 75. Ke1 Rd8 76. Rc6 Rd4 77. Rc8 Rc4 78. Rb8+ Kc2
79. Rb7 Rc8 80. Ra7 Rc5 81. Ra8 Rb5 82. Rc8+ Kd3 83. Rd8+ Kc4 84. Rc8+ Kd4 85.
Rd8+ Ke5 86. Re8+ Kf4 87. Rf8+ Rf5 88. Re8 Rf7 89. Rg8 Rf5 90. Re8 Rh5 91. Rf8+
Kg4 92. Rg8+ Rg5 93. Rh8 Rg6 94. Re8 Kh3 95. Kf1 Ra6 96. Rh8+ Kg4 97. Rg8+ Kf5
98. Rf8+ Ke5 99. Re8+ Kd5 100. Rd8+ Kc5 101. Rc8+ Kd6 {[#] Schwarz hat lange
manövriert und hier einen Bauern mehr. Aber reicht das zum Gewinn?} 102. Rc1
Ke5 {[#]} 103. Ke1 $2 {Das ist der entscheidenden Fehler.} (103. Kg1 Kf4 104.
Rc8 Ra1+ 105. Kh2 Rf1 106. Rc2 e3 107. fxe3+ Kxe3 108. Rc3+ $11) 103... Kf4
104. Rc8 (104. Rb1 Ra8 105. Rc1 Rh8 106. Kd2 Rh2 107. Rf1 e3+ $19) 104... Ra1+
105. Kd2 e3+ $1 {Nur so.} 106. fxe3+ Kg3 107. Rg8+ Kh2 108. Rh8+ Kg2 109. Rg8+
Kf1 110. e4 f2 ({Oder} 110... Re1 111. Kd3 f2 112. Kd4 Ke2 113. Rf8 f1=Q 114.
Rxf1 Rxf1 115. e5 Kf3 116. e6 Re1 117. Kd5 Kf4 118. Kd6 Kf5 119. e7 Kf6 $19)
111. e5 Ra2+ $2 {Wirft den Gewinn eigentlich weg:} (111... Re1 $18) 112. Kd1 $2
(112. Ke3 $1 Ke1 113. Rf8 f1=Q 114. Rxf1+ Kxf1 {und nun lässt sich der
e-Bauer nicht mehr aufhalten:} 115. Ke4 Kf2 116. e6 Ra5 117. e7 Ra8 118. Ke5
$11) 112... Ra5 113. e6 Rd5+ 114. Kc2 Re5 115. Rg6 Ke1 0-1

[Event "Tata Steel-A 77th"]
[Site "Wijk aan Zee"]
[Date "2015.01.18"]
[Round "8"]
[White "Hou, Yifan"]
[Black "Aronian, Levon"]
[Result "1/2-1/2"]
[WhiteElo "2673"]
[BlackElo "2797"]
[Annotator "CB"]
[PlyCount "109"]
[EventDate "2015.01.10"]
[EventType "tourn"]
[EventRounds "13"]
[EventCountry "NED"]
[EventCategory "20"]
[SourceTitle "CBM 165"]
[Source "ChessBase"]
[SourceDate "2015.03.11"]
[SourceVersion "1"]
[SourceVersionDate "2015.03.11"]
[SourceQuality "1"]

1. e4 e5 2. Nf3 Nc6 3. Bc4 Bc5 4. c3 Nf6 5. d4 {Actually not the most common m
ove, but one that has been seen since the good old 1800s.} exd4 6. cxd4 Bb4+ 7.
Bd2 Nxe4 8. Bxb4 Nxb4 9. Bxf7+ Kxf7 10. Qb3+ d5 11. Ne5+ Ke6 {This idea of
moving the king forward is very popular. The point is that since Black can
force the trade of queens it only makes sense to put the king in the most
active square possible.} (11... Kg8 $6 12. Qxb4 {was seen a game played by
Greco in 1620!}) 12. Qxb4 Qf8 13. Qxf8 Rxf8 14. f3 (14. Nc3 {was Harikrishna's
choice against Aronian last year. That game also ended in a draw.}) 14... Ng5
15. Nc3 c6 16. h4 Nf7 17. Nd3 Kd6 18. Kf2 Nd8 19. g3 Ne6 20. Ne2 a5 21. Ndf4
Ra6 22. Rad1 Rb6 23. Rd2 Rb4 24. Re1 Nxf4 25. Nxf4 Rc4 26. a3 Bf5 27. Re3 b6
28. Rb3 b5 29. Re3 b4 30. Ne2 h5 31. Ke1 g6 32. b3 Rc2 33. Rxc2 Bxc2 34. a4 Bf5
35. Nf4 Rc8 36. Kd2 c5 37. Re5 cxd4 38. Rxd5+ Ke7 39. g4 hxg4 40. fxg4 Bxg4 41.
Nxg6+ Kf6 42. Rxd4 Be6 43. Rd6 Kf7 44. Ne5+ Ke7 45. Rd3 Kf6 46. Nf3 Bg8 47. Ng5
Kf5 48. Nf3 Kf6 49. h5 Rc5 50. h6 Rh5 51. Rd6+ Ke7 52. Ra6 Bxb3 53. h7 Bxa4 54.
Rxa5 Rxh7 55. Rxa4 1/2-1/2

[Event "Olympiad-39"]
[Site "Khanty-Mansiysk"]
[Date "2010.09.22"]
[Round "2.3"]
[White "Mamedov, Rauf"]
[Black "Nguyen, Anh Dung"]
[Result "0-1"]
[WhiteElo "2660"]
[BlackElo "2500"]
[Annotator "CB"]
[PlyCount "116"]
[EventDate "2010.09.21"]
[EventType "team-swiss"]
[EventRounds "11"]
[EventCountry "RUS"]
[SourceTitle "CBM 139"]
[Source "ChessBase"]
[SourceDate "2010.11.18"]
[SourceVersion "1"]
[SourceVersionDate "2010.11.18"]
[SourceQuality "1"]
[WhiteTeam "Azerbaijan"]
[BlackTeam "Vietnam"]
[WhiteTeamCountry "AZE"]
[BlackTeamCountry "VIE"]
[TimeControl "40/5400+30:1800+30"]

1. e4 e5 2. Bc4 Nf6 3. d3 Nc6 4. Nf3 Bc5 5. c3 d6 6. Bb3 h6 7. Nbd2 O-O 8. h3
Be6 9. Nf1 d5 10. Qe2 Re8 11. g4 a5 12. Ba4 dxe4 13. dxe4 {#} Nxe4 $3 {A
beautiful shot, completely missed by White.} 14. Qxe4 Bd5 15. Qe2 e4 16. Bxc6
Bxc6 17. Nd4 {#} e3 $1 {White cannot protect the rook, and will lose the
exchange.} 18. Bxe3 ({Moving the rook away from the bishop's attack with} 18.
Rg1 {runs into} exf2+ 19. Kxf2 Rxe2+) (18. f3 {is equally disastrous after}
Qh4+ 19. Kd1 Bxd4 20. cxd4 Qf6 $1 21. Nh2 Ba4+ 22. Ke1 (22. b3 Qxd4+ 23. Kc2
Qxa1 24. bxa4 Qxa2+ 25. Bb2 Re5) 22... Qh4+ 23. Kf1 Bb5 $3 24. Qxb5 Qf2#) 18...
Bxh1 $19 {Try as he might, White was unable to save the game thereafter.} 19.
O-O-O Qf6 20. Ng3 Bxd4 21. Rxd4 Bf3 22. Qc4 Rad8 23. Rf4 Bd5 24. Qxc7 Qa6 25.
Qb6 Bxa2 26. Qxa6 bxa6 27. Kc2 Rb8 28. Nf5 Bb3+ 29. Kc1 a4 30. Nd4 a3 31. bxa3
Rec8 32. Bd2 Ba2 33. Nf5 Kh7 34. Nd6 Rc7 35. h4 Rb6 36. Nf5 Bb1 37. Ne3 Bd3 38.
Rb4 Rb5 39. Kb2 h5 40. g5 Re7 41. a4 Rxb4+ 42. cxb4 Re4 43. Ng2 Be2 44. Nf4 Bd1
45. a5 Rc4 46. Ka3 g6 47. Be3 Kg8 48. Bd2 Kf8 49. Be3 Ke7 50. Kb2 Kd6 51. b5
axb5 52. a6 Bf3 53. a7 Ke5 54. Nd3+ Kf5 55. Ne1 Ba8 56. Nc2 Rxh4 57. Nd4+ Rxd4
58. Bxd4 h4 0-1

[Event "Tata Steel-C 73rd"]
[Site "Wijk aan Zee"]
[Date "2011.01.22"]
[Round "7"]
[White "Vocaturo, Daniele"]
[Black "Pruijssers, Roeland"]
[Result "1-0"]
[WhiteElo "2570"]
[BlackElo "2484"]
[Annotator "CB"]
[PlyCount "57"]
[EventDate "2011.01.14"]
[EventType "tourn"]
[EventRounds "13"]
[EventCountry "NED"]
[EventCategory "11"]
[SourceTitle "CBM 141"]
[Source "ChessBase"]
[SourceDate "2011.03.17"]
[SourceVersion "1"]
[SourceVersionDate "2011.03.17"]
[SourceQuality "1"]

1. e4 e5 2. Nf3 Nc6 3. Bc4 Bc5 4. c3 Nf6 5. d3 a6 6. Bb3 O-O 7. h3 Ba7 8. Bg5
d6 9. Nbd2 Ne7 10. Bxf6 gxf6 11. Nh4 Kh8 12. Qf3 Ng6 13. Nf5 Bxf5 14. exf5 Ne7
15. Ne4 Ng8 16. Ng3 Ne7 17. Nh5 Qd7 18. g4 Qc6 19. Qxc6 bxc6 20. Nxf6 Kg7 21.
Nh5+ Kh6 {# The Italian GM finds a very fine move here with} 22. Bd1 $1 {
The threat is simply h4-g5 mate!} Nd5 23. h4 f6 24. Rg1 Rg8 25. Kf1 Rab8 26.
Bb3 $1 {Planning Bxd5 and Nxf6 now as the passed pawns would easily decide it.}
Rgf8 27. Re1 (27. Bxd5 cxd5 28. Nxf6 {is not as strong since now Black gets
some counterplay after} Rxb2 ({Not} 28... Rxf6 $2 {which would just fit into
White's plans.} 29. g5+ Kg7 30. gxf6+ Kxf6 31. b3) 29. Rg2 Rxf6 30. g5+ Kg7 31.
gxf6+ Kxf6 {and here the strong central pawns and activity make winning far
harder.}) 27... Nf4 28. Nxf4 exf4 {#} 29. Re7 $1 {with the intention of g5+
fxg5 hxg5 Kh5 Rh7 mate.} (29. Re7 {If} Rg8 30. g5+ $1 fxg5 31. hxg5+ Rxg5 32.
Re6+ Kh5 33. Bd1+ Kh4 34. Rh1#) 1-0

[Event "EU-chT (Men) 20th"]
[Site "Reykjavik"]
[Date "2015.11.22"]
[Round "9.1"]
[White "Nisipeanu, Liviu Dieter"]
[Black "Mamedyarov, Shakhriyar"]
[Result "0-1"]
[WhiteElo "2683"]
[BlackElo "2743"]
[Annotator "CB"]
[PlyCount "72"]
[EventDate "2015.11.13"]
[EventType "team-swiss"]
[EventRounds "9"]
[EventCountry "ISL"]
[SourceTitle "CBM 170"]
[Source "ChessBase"]
[SourceDate "2016.01.15"]
[SourceVersion "1"]
[SourceVersionDate "2016.01.15"]
[SourceQuality "1"]
[WhiteTeam "Germany"]
[BlackTeam "Azerbaijan"]
[WhiteTeamCountry "GER"]
[BlackTeamCountry "AZE"]
[TimeControl "6000+1360"]
[WhiteClock "0:00:33"]
[BlackClock "0:30:59"]

1. e4 e5 2. Nf3 Nc6 3. Bc4 Bc5 4. O-O Nf6 5. d3 d6 6. c3 O-O 7. Nbd2 a6 8. Bb3
Ba7 9. h3 Re8 10. Re1 Be6 11. Nf1 h6 12. Bc2 d5 13. exd5 Bxd5 14. Ng3 Qd7 15.
b4 Rad8 16. a4 b5 17. axb5 axb5 18. Nh4 Bb6 19. Nhf5 Ne7 {Diagramm [#]} 20.
Nxg7 (20. Nxe7+ Rxe7 {kann nicht die Intention des Manövers Sh4-Sf5 sein -
Schwatz steht strukturell besser und muss am Königsflügel nichts mehr
befürchten}) (20. Rxe5 Nxf5 21. Rxf5 Qc6 $1 {und Weiß hat Probleme alle
Problemstellen zu versorgen}) 20... Kxg7 21. Rxe5 Ng6 22. Bxh6+ Kxh6 23. Nf5+
Kh7 24. Qc1 Kg8 25. Qh6 {Diagramm [#]} Nh5 $1 {gibt eine der beiden
Mehrfiguren zurück und gewinnt dafür wichtige Zeit zur Konsolidierung} 26.
Rxe8+ Rxe8 27. Qxh5 Qc6 28. c4 bxc4 29. d4 Be6 30. Ba4 Qa8 31. Nh6+ Kg7 32. d5
Bd7 33. Nxf7 Bxa4 34. Ra3 Bxf2+ 35. Kxf2 Qa7+ 36. Kf1 c3 0-1